MDQL
is popping MORE tags! Check the
thread
!
Quizzes
Events
Quiz Creation
Community
Videos
Private Events
Remove Ads
Sign In
Join for FREE
Feedback
Dark Mode
Quiz Categories
Sports
Geography
Music
Movies
Television
Just For Fun
Miscellaneous
History
Literature
Language
Science
Gaming
Entertainment
Religion
Holiday
For Kids
Quiz Lab
Recent
Popular Today
Quiz Kudos Today
Editor Picks
Curator Picks
Quizzes by...
Day
Popularity
Type
Ratings
Length
Year
Community
Subscriptions
Recent Discussions
Orange Saloon
Badges
Playlists
Quests
Create
Leaderboards
Showdown
Live 5
Trivia Bingo
Activity
Puzzle Library
Sporcle Events
Private Events
Virtual Trivia
Globe League
Become a Host
Pub Owners
SporcleCon
Opinionation
Our Games
Videos
Blog
Mobile Apps
Partnerships
Remove Ads and Go Orange
Feedback
Entertainment
Celebrity
Famous
Musical
Broadway
Show
Quote
Comic Books
Anime
Superhero
DC Comics
Marvel
Cartoons
Animation
Entertainment
Celebrity
Famous
Musical
Broadway
Show
Quote
Comic Books
Anime
Superhero
DC Comics
Marvel
Cartoons
Animation
Random Quiz
Search Sporcle
×
Quiz Lab
Quiz Lab
Entertainment
Oscar
Type in answers that appear in a list
Type in answers that appear in a list
Classic
Best Score? Go Orange.
Academy Award Best Picture Stats
Can you name the Academy Award Best Picture?
By
degerness
12m
81 Questions
327 Plays
327 Plays
327 Plays
Comments
Comments
Give Quiz Kudos
Give Quiz Kudos
-
- Ratings
hide this ad
Replay
Link that replays current quiz
Next Quiz
Link to next quiz in quiz playlist
You Got
0%
They Got
Avg Score
53%
Avg Friend Score
Upgrade to see
Score Distribution
Jump to the score distribution portion of the page
Score
0/81
Timer
12:00
0
Plays Today
Academy Award Year
Best Picture
% Correct
2009
Slumdog Millionaire
86.9%
1998
Titanic
85%
1973
The Godfather
83.2%
2006
Crash
82%
2007
The Departed
81%
1995
Forrest Gump
79.5%
2004
The Lord of the Rings: The Return of the King
78.3%
1940
Gone with the Wind
78.3%
2008
No Country for Old Men
77.1%
1994
Schindler's List
76.1%
2005
Million Dollar Baby
74%
2003
Chicago
74%
2001
Gladiator
73.1%
2000
American Beauty
72.8%
1992
The Silence of the Lambs
70%
1944
Casablanca
69.1%
1999
Shakespeare in Love
68.5%
1991
Dances with Wolves
68.2%
1980
Kramer vs. Kramer
67.9%
2002
A Beautiful Mind
66.4%
1975
The Godfather: Part II
65.7%
1997
The English Patient
65.4%
1993
Unforgiven
64.8%
1983
Gandhi
64.2%
1987
Platoon
63%
1976
One Flew Over the Cuckoo's Nest
61.5%
1989
Rain Man
60.9%
Academy Award Year
Best Picture
% Correct
1977
Rocky
60.9%
1996
Braveheart
60.6%
1929
Wings
60.6%
1990
Driving Miss Daisy
59.3%
1966
The Sound of Music
59%
1971
Patton
58.4%
1985
Amadeus
58.1%
1979
The Deer Hunter
57.8%
1978
Annie Hall
56.9%
1986
Out of Africa
56.6%
1984
Terms of Endearment
56.3%
1981
Ordinary People
56%
1982
Chariots of Fire
55.7%
1960
Ben-Hur
53.8%
1955
On the Waterfront
53.8%
1988
The Last Emperor
53.2%
1962
West Side Story
53.2%
1974
The Sting
51.1%
1972
The French Connection
50.5%
1970
Midnight Cowboy
49.8%
1963
Lawrence of Arabia
49.2%
1965
My Fair Lady
48.9%
1935
It Happened One Night
48.6%
1969
Oliver!
47.1%
1961
The Apartment
46.5%
1930
All Quiet on the Western Front
45.3%
1959
Gigi
45%
Academy Award Year
Best Picture
% Correct
1956
Marty
44.6%
1958
The Bridge on the River Kwai
43.7%
1951
All About Eve
42.8%
1949
Hamlet
41.3%
1947
The Best Years of Our Lives
40.4%
1968
In the Heat of the Night
40.1%
1953
The Greatest Show on Earth
39.8%
1941
Rebecca
39.4%
1942
How Green Was My Valley
39.1%
1931
Cimarron
37.9%
1943
Mrs. Miniver
36.1%
1954
From Here to Eternity
35.8%
1932
Grand Hotel
33.6%
1957
Around the World in Eighty Days
33%
1930
The Broadway Melody
33%
1945
Going My Way
32.7%
1967
A Man for All Seasons
32.1%
1952
An American in Paris
31.5%
1937
The Great Ziegfeld
31.2%
1934
Cavalcade
31.2%
1964
Tom Jones
31.2%
1950
All the King's Men
30.6%
1946
The Lost Weekend
28.7%
1936
Mutiny on the Bounty
28.7%
1938
The Life of Emile Zola
28.4%
1939
You Can't Take It with You
28.1%
1948
Gentlemen's Agreement
25.7%
Quiz Playlist
Details
Report
Send in Message
Add To Playlist
Classic:
Type in answers that appear in a list
Quiz Source
Last Updated: Apr 30, 2017
Quiz Scoreboard
CHALLENGE
Sign Up to Join the Scoreboard
Show All
Scores
Hide
Comments
May contain spoilers
Recently Published
1-10 Letter E Words III
by El_Dandy
Language
2m
Street Fighter Characters
by Artimus82
Gaming
60s
College Basketball Coaching Resumes
by pancakes188
Sports
9m
More to Explore
Quiz From the Vault
Featured Blog Post
Where Did the Easter Bunny Come From?
hide this ad
You Might Also Like...
Tags
Best Picture Quiz
Oscar Quiz
Academy
Award
Image Quiz
Today's Top Quizzes in Entertainment
Browse Entertainment
hide this ad
Today's Top Quizzes in Oscar
Browse Oscar
Top Contributed Quizzes in Entertainment
1
7-to-1: DC Comics Villains
2
Marvel Characters Bunker
3
Dragon Ball Z: Goku's Fights in Order
4
Eurovision 2023 Logic Puzzle
5
Sorting Pictures: Villains
6
Criteria Quickie: Cartoon Taxonomy II
7
7-to-1: One Piece
8
One Piece Characters Order of Appearance
9
Mini Trivia Sudoku: Musicals
10
Kamen Rider Motifs
Explore More
Trending Topics
Anime
Harry Potter
Crossword
Disney
Marvel
NBA
Kpop
WWE
Puzzle
Song
Soccer
Country
The Office
NFL
Pokémon
hide this ad
More By:
degerness
Quiz
Plays
Rating
Category
Featured
Created
Academy Award Best Picture
327
3.40
Entertainment
Oct 26, 2009
Go to Creator's Profile
Score Distribution
Quiz Creator Spotlight
degerness
Follow
Send a Message
Quizzes Created
-
Created Quiz Play Count
-
More By This Creator
Popular Quizzes Today
1
Find the US States - No Outlines Minefield
2
Find the Countries of Europe - No Outlines Minefield
3
The Countries of the World
4
Find the US States
5
Risky Map Clicking: Biggest States A-Z
6
US States
7
Popular People in 1961
8
Movies - When Are They Set?
More Entertainment Quizzes
Drawn Characters Launched in the 1960s
Quiz Lab
Trending Quizzes
Risky Map Clicking: Least Populous States A-Z
USA Borders Longest to Shortest
1-10 Letter G Words
1-10 Letter F Words
Countries of the World: 200 Million BC
Recently Updated
Leaping Animals
pecheneg
Reality TV Shows (A-Z)
bhenderson79
Rickey Henderson's Hall of Fame Teammates
pecheneg
Champions League XIs: Arsenal
pecheneg
Quick Pick: Celebrities in WWE's Hall of Fame
aduchscher
A-Z Keypad Blitz II
pecheneg
Multiple Oscar Actors
pecheneg
Mystery Phrase Blitz: Oscar 'Best Actors'
pecheneg
F. Scott Fitzgerald Novels
LTH
Pick 3 Villains
ddd62291
Trending Topics
Kpop
Crossword
NBA
Marvel
Harry Potter
Anime
Disney
Country
Puzzle
Soccer
Song
The Office
Pokémon
WWE
NFL
Your Account Isn't Verified!
In order to create a playlist on Sporcle, you need to verify the email address you used during registration. Go to your
Sporcle Settings
to finish the process.
Report this User
Report this user for behavior that violates our
Community Guidelines
.
Details:
Send Report
Go to the Sporcle.com Mobile Site →
Comments